Giáo dục hành vi giao tiếp có văn hóa cho học sinh, sinh viên : Yêu cầu quan trọng trong giáo dục văn hóa học đường /

Đã lưu trong:
Sonraí Bibleagrafaíochta
Príomhúdar: Phan Thanh Long, TS.
Formáid: Bài viết
Teanga:Vietnamese
Ábhair:
Clibeanna: Cuir Clib Leis
Gan Chlibeanna, Bí ar an gcéad duine leis an taifead seo a chlibeáil!
Thư viện lưu trữ: Thư viện Trường Đại học Đà Lạt
LEADER 00869nam a2200265 4500
001 DLU120140634
005 ##20120912
040 # # |a DLU  |b vie 
041 # # |a vie 
044 # # |a vn 
100 # # |a Phan Thanh Long,   |c TS. 
245 # # |a Giáo dục hành vi giao tiếp có văn hóa cho học sinh, sinh viên :  |b Yêu cầu quan trọng trong giáo dục văn hóa học đường /  |c Phan Thanh Long. 
653 # # |a Giáo dục đạo đức 
653 # # |a Văn hóa giao tiếp 
653 # # |a Văn hóa học đường 
773 # # |t Tạp chí Giáo dục  |g Số 5(262), 2011, tr. 26-28 
920 # # |a Phòng Tạp chí -- Trung tâm Thông tin - Thư viện Trường Đại học Đà Lạt 
994 # # |a DLU 
900 # # |a True 
911 # # |a Nguyễn Thị Linh Chi 
925 # # |a G 
926 # # |a A 
927 # # |a BB 
980 # # |a Thư viện Trường Đại học Đà Lạt